Tectonic - Erreurs éliminatoires - Statistiques

Statistiques générales
  • Ce quiz a été pris 108 fois
  • Le résultat moyen est 8 sur 28
Statistiques - réponses
Réponse % Correct
1
61%
1
49%
1
49%
2
46%
3
44%
1
42%
2
39%
2
37%
3
37%
4
32%
6
32%
1
30%
2
30%
3
30%
2
26%
1
25%
3
25%
1
23%
3
23%
3
23%
1
21%
4
21%
5
19%
1
18%
2
18%
4
18%
5
18%
4
16%
Aucun quiz correspondant
Distribution des résultats
% des personnes avec chaque résultat
Percentile par nombre de réponses
Votre historique - résultats
Vous n’avez pas pris ce quiz